Experimental Organic Chemistry (Record no. 329775)

000 -LEADER
fixed length control field 01102nam a22002297a 4500
003 - CONTROL NUMBER IDENTIFIER
control field NUST
005 - DATE AND TIME OF LATEST TRANSACTION
control field 20170522115416.0
008 - FIXED-LENGTH DATA ELEMENTS--GENERAL INFORMATION
fixed length control field 110607t xxu||||| |||| 00| 0 eng d
040 ## - CATALOGING SOURCE
Transcribing agency 0
082 ## - DEWEY DECIMAL CLASSIFICATION NUMBER
Classification number 547.0078 RAH
100 ## - MAIN ENTRY--PERSONAL NAME
Personal name Rahman,Dr.Abdur
9 (RLIN) 744
245 ## - TITLE STATEMENT
Title Experimental Organic Chemistry
Statement of responsibility, etc. Dr.Abdul Rahman
260 ## - PUBLICATION, DISTRIBUTION, ETC.
Place of publication, distribution, etc. Lahore
Name of publisher, distributor, etc. Carvan Book House
Date of publication, distribution, etc. 2008
300 ## - PHYSICAL DESCRIPTION
Extent 110p
500 ## - GENERAL NOTE
General note P.B
546 ## - LANGUAGE NOTE
Language note English
563 ## - BINDING INFORMATION
Binding note HBC
650 ## - SUBJECT ADDED ENTRY--TOPICAL TERM
Topical term or geographic name entry element Experimental Organic Chemistry
9 (RLIN) 753
942 ## - ADDED ENTRY ELEMENTS (KOHA)
Source of classification or shelving scheme
Koha item type Book
Call number prefix 547.0078 RAH
Holdings
Withdrawn status Lost status Source of classification or shelving scheme Damaged status Not for loan Collection code Permanent Location Current Location Shelving location Date acquired Total Checkouts Full call number Barcode Date last seen Price effective from Koha item type
            Institute of Environmental Science and Engineering (IESE) Institute of Environmental Science and Engineering (IESE) General Stacks 05/22/2017   547.0078 RAH IESE-1625 05/22/2017 05/22/2017 Book
            Institute of Environmental Science and Engineering (IESE) Institute of Environmental Science and Engineering (IESE) General Stacks 05/22/2017   547.0078 RAH IESE-1622 05/22/2017 05/22/2017 Book
            Institute of Environmental Science and Engineering (IESE) Institute of Environmental Science and Engineering (IESE) General Stacks 05/22/2017   547.0078 RAH IESE-1624 05/22/2017 05/22/2017 Book
© 2023 Central Library, National University of Sciences and Technology. All Rights Reserved.